[Event "IRI-ch U14"]
[Site "Chess.com INT"]
[Date "2021.01.16"]
[Round "6"]
[White "Ahmadi, Erfan"]
[Black "Ali Akbari, Sepehr"]
[Result "1-0"]
[WhiteElo "1761"]
[BlackElo "1485"]
[PlyCount "71"]
[EventDate "2021.01.16"]
[EventType "swiss"]
[EventRounds "11"]
[EventCountry "IRI"]
[SourceTitle "EXT 2022"]
[Source "ChessBase"]
[SourceDate "2021.10.06"]
[SourceVersion "1"]
[SourceVersionDate "2021.10.06"]
[SourceQuality "1"]

1. e4 c5 2. Nc3 Nc6 3. f4 e6 4. Nf3 g6 5. Bb5 Bg7 6. 0-0 Nge7 7. d3 d5 8. Qe1 0-0 9. Qh4 a6 10. Bxc6 Nxc6 11. Qf2 b6 12. Kh1 Nd4 13. e5 Nxf3 14. Qxf3 Rb8 15. Bd2 b5 16. Qf2 Qe7 17. Rae1 Bb7 18. Nd1 d4 19. Qg3 c4 20. a3 Qd7 21. Nf2 Rfd8 22. Ng4 cxd3 23. cxd3 Rdc8 24. Rf2 Rc2 25. Nf6+ Bxf6 26. exf6 Rbc8 27. Qg5 Qd8 28. Rg1 Bd5 29. h3 a5 30. Bxa5 Qe8 31. Rxc2 Rxc2 32. Bb4 Qa8 33. Kh2 Rxb2 34. Qh6 Rxg2+ 35. Rxg2 Bxg2 36. Qg7# 1-0